00837nam a2200229 a 450000100100000000500170001000800410002704000250006808200200009310000490011324500630016225000110022526000330023630000230026949000350029265000260032771000400035383000420039391000370043595201180047299900170059000002991520260312134858.0110427s2000 dr 000 0 spa d aDO-SdBNPbspacBNPHU a177bH831m,19951 aHostos, Eugenio María de,d1839-19039135210aMoral social :b(fragmentos) /cEugenio María de Hostos. a2a ed. aSanto Domingo :bUCE,c2000. a[112] p. ;c21 cm. aAntología de nuestra vozv52 0aÉtica social 913531 aUniversidad Central del Este937229 0aAntología de nuestra vozn52956655 aValidado. Control de calidad MFF 0010718PDaPDbPDcCTd2011-04-27iLF1l0o177 H831m,1995p29915-10r2020-06-25w2020-06-25yLFPDZNo se presta c29407d29407